| 000 | 00396nam a2200133Ia 4500 | ||
|---|---|---|---|
| 999 |
_c22217 _d22217 |
||
| 082 | _a958 THI- | ||
| 245 | 0 | _aThinking strategically: the major powers, Kazakhstan, and the central Asia nexus | |
| 260 |
_aCambridge _bAmerican Academy of Arts and Sciences _c2003 |
||
| 300 | _axii, 243 | ||
| 504 | _aincludes index | ||
| 650 |
_aAsia, Central _vPolitics |
||
| 700 | _aLegvold, Robert | ||
| 942 | _cBK | ||